| 000 | 01259nam a22003617a 4500 | ||
|---|---|---|---|
| 003 | CHAP | ||
| 005 | 20220329143433.0 | ||
| 008 | 090814s2007 it rn 00010 fre d | ||
| 010 | _a96570 | ||
| 011 | _a97542 | ||
| 020 | _a9789252058359 | ||
| 035 | _a108210 | ||
| 040 | _cCHAP | ||
| 082 | 0 | 4 |
_a641.30218 _bF269f 2007 |
| 110 | 2 |
_aFAO. Comisión del Codex Alimentarius _939482 |
|
| 245 | 1 | 0 |
_aCodex alimentarius : _baliments issus de l'agriculture biologique _c/par FAO. Commission du Codex Alimentarius |
| 250 | _a3 ed. | ||
| 260 |
_aRome : _bFAO, _c2007 |
||
| 300 | _a54 p. | ||
| 490 | _aPrograma conjunto FAO/OMS sobre normas alimentarias | ||
| 590 |
_aBATCH-UPD _b10 _c20130110 _lUCH01 _h0844 |
||
| 590 |
_aBATCH-UPD _b10 _c20130410 _lUCH01 _h0518 |
||
| 590 |
_aBATCH-UPD _b10 _c20130914 _lUCH01 _h0009 |
||
| 590 |
_aCONVERSION _b10 _c20130109 _lUCH01 _h1353 |
||
| 650 | 1 | 4 |
_aAgricultura alternativa. _91943 |
| 650 | 1 | 4 |
_aAlimentos orgánicos. _94316 |
| 650 | 1 | 4 |
_aAlimentos _xNormas de calidad. _94256 |
| 650 | 1 | 4 |
_aInocuidad alimentaria. _958836 |
| 830 | 0 |
_aPrograma conjunto FAO/OMS sobre normas alimentarias _992254 |
|
| 901 | _aBK | ||
| 942 | _cLIBRO | ||
| 949 |
_a641.30218 F269f 2007 _bBC _cFAO _d33724002079058 _eFAO1 _gDonaciØn _h110821 _i108210 _sb |
||
| 999 |
_c96570 _d96570 |
||